¿Por qué Evo Morales sigue siendo popular?: las fortalezas del MAS en la construcción del nuevo orden /

Tallennettuna:
Bibliografiset tiedot
Päätekijä: Molina, Fernando
Aineistotyyppi: Teksti
Tagit: Lisää tagi
Ei tageja, Lisää ensimmäinen tagi!

MARC

LEADER 00000 a a2200000 04500
001 45734
003
040
100 |a Molina, Fernando  
245 |a ¿Por qué Evo Morales sigue siendo popular?:   |b las fortalezas del MAS en la construcción del nuevo orden /  |c Fernando Molina  
773 |g número245 ( , 2013), páginas 4-14  
999 |c 27093  |d 27093